Тест на общие знания №39 - Statistics

General Stats
  • This quiz has been taken 28 times
  • The average score is 9 of 20
Answer Stats
Вопрос Ответ % Correct
Кто не играет в хоккей, согласно известной песне? трус
81%
Что означает буква "В" в аббревиатуре "КВН"? весёлых
69%
Как называется наука о гербах? геральдика
63%
Какая ювелирная мера массы равна 0,2 граммам? карат
63%
Кто впервые произнёс фразу "Hasta la vista, baby!"? Терминатор Т-900
63%
Кто является лидером автоботов? Оптимус Прайм
56%
На каком языке, помимо гаитянского креольского, говорят в Гаити? французский
50%
Какое сленговое слово происходит от английского слова, переводящегося как "скукоживаться"? кринж
50%
Название города Пекин переводится с китайского как "северная столица". Какой город - "южная столица"? Нанкин
44%
У него густая шерсть, сильные зубы, и он является символом Канады, но это не лось. Кто это? бобёр
44%
Кого охраняет швейцарский гвардейский полк? Папа Римский
38%
Какую валюту используют на Филиппинах? филиппинское песо
31%
Благодаря какому персонажу появился стереотип о любви кроликов к моркови? Багз Банни
31%
Какая приставка соответствует 10⁻⁶? микро
31%
С кем воевала Австралия в 1932-м году? страусы эму
31%
К какому виду животных относятся Гродд, Коко, Джордж и месье Малла? горилла
31%
Какой европейский монарх также известен как Шарлемань? Карл Великий
31%
Каких двух супергероев сыграл Райан Рейнольдс? Дэдпул и Зелёный Фонарь
31%
Самоназвание какой страны - Shqiptarët? Албания
19%
Какой химический элемент стоит под порядковым номером 23 в Периодической системе? ванадий
13%
No matching quizzes found
Score Distribution
Percent of People with Each Score
Percentile by Number Answered
Your Score History
You have not taken this quiz